Geography Quiz

Random Geography or World Quiz
Score 0/40 Timer 08:00
4 Plays Today
% Correct
Paris
92.7%
New York
92.4%
San Francisco
91.1%
Moscow
89.9%
Cairo
89.7%
Rome
89%
Washington, D.C.
88.7%
Tokyo
87.4%
Athens
87.3%
Sydney
87.2%
Munich
85.5%
Beijing
83.6%
Monaco
83.6%
London
82%
Amsterdam
81.2%
Chicago
80.8%
Toronto
78.3%
Los Angeles
77.9%
Dublin
77.7%
Jerusalem
74.2%
% Correct
Barcelona
73.3%
Mumbai
72.3%
Rio de Janeiro
71.2%
Dubai
69.1%
Istanbul
68.5%
Cape Town
64.4%
Mexico City
63.4%
Phnom Penh
63%
São Paulo
59.5%
Ho Chi Minh City
58.9%
Nairobi
56.9%
Marrakesh
56.3%
Stockholm
51%
Budapest
50%
Brussels
49.5%
Copenhagen
49%
Helsinki
48.1%
Vienna
46%
Montréal
44.3%
Geneva
43%
Remove Ads.
Support Sporcle.
Get the best of Sporcle when you Go Orange. This ad-free experience offers more features, more stats, and more fun while also helping to support Sporcle. Thank you for becoming a member.

You're not logged in!

Compare scores with friends on all Sporcle quizzes.
OR
Log In

Show Comments

Extras

Top Quizzes Today


Score Distribution

Your Account Isn't Verified!

In order to create a playlist on Sporcle, you need to verify the email address you used during registration. Go to your Sporcle Settings to finish the process.

Report this User

Report this user for behavior that violates our Community Guidelines.

Details: